| 000 | 01140nam a2200313 i 4500 | ||
|---|---|---|---|
| 001 | 37286 | ||
| 003 | ES-MaACL | ||
| 005 | 20250826104250.0 | ||
| 007 | t| | ||
| 008 | 150213s2006 sp ||||1| spa d | ||
| 020 | _a84-96467-31-7 | ||
| 080 | _a929 Mateo Sagasta, Práxedes | ||
| 080 | _a32 Mateo Sagasta, Práxedes | ||
| 080 | _a94(460)"18" | ||
| 100 | 1 |
_aOllero Vallés, José Luis. _9156267 |
|
| 245 | 1 | 0 |
_aSagasta, de conspirador a gobernante / _cJosé Luis Ollero Vallés. |
| 260 |
_aMadrid : _bMarcial Pons Historia : _bFundación Práxedes Mateo-Sagasta, _c2006. |
||
| 300 |
_a469 p. ; _c22 cm. |
||
| 490 | 1 | _aMemorias y biografías | |
| 504 | _aBibliografía: p. [437]- 461. Índice. | ||
| 600 | 1 | 4 |
_aMateo Sagasta, Práxedes, _d1825-1903 _9101421 |
| 651 | 7 |
_aEspaña- _xHistoria- _yS.XIX _2 _9142005 |
|
| 830 | 0 |
_aMemorias y biografías _9183047 |
|
| 852 |
_aES-MaACL _jA-13368 _9 38637 _bR.150255 _cDEPO1 _dOlim: N-6368 _hDonación: Fundación Práxedes Mateo-Sagasta |
||
| 914 |
_94396 _aFundacion Práxedes Mateo Sagasta _ednr |
||
| 942 |
_2udc _cMONOGRAFIA |
||
| 999 |
_c37286 _d37286 |
||